| 000 | 04134 a2200361 4500 | ||
|---|---|---|---|
| 005 | 20111013123047.0 | ||
| 010 | _a B-449670-681 | ||
| 020 |
_a8181436679 _c200.00 |
||
| 035 | _a B-449670-681 | ||
| 037 | _bबल्यूबेरी बुक्स | ||
| 082 | _a 305.42 | ||
| 100 | 1 |
_aधर्मवीर _944913 |
|
| 245 | 1 |
_aतीन द्विज हिन्दू स्त्रीलिंगों का चिन्तन / _cधर्मवीर |
|
| 246 |
_a _b |
||
| 260 |
_aनई दिल्ली _bवाणी प्रकाशन, _c2007 |
||
| 270 |
_a21-ए,दरियागंज _bनई दिल्ली _e110002 |
||
| 300 |
_a166पृ _c22सेमी (सजिल्द) |
||
| 490 |
_aमातृसत्ता, पितृसत्ता और जारसत्ता, खण्ड- दो _944914 |
||
| 942 |
_adpl _cHN _k _2ddc _mधर्मवी _h305.42 |
||
| 999 |
_c57600 _d57600 |
||